000 01031nam0a2200313 4500
001 RU\NLR\bibl\22596
005 20260503061628.0
010 _a5-900206-29-7
_91000
021 _aRU
_b99-3095
_9147
035 _a(NLR Aleph) 000022016
090 _a102344
_c102344
100 _a19990415d1996 |||y0rusy50 ca
101 0 _arus
102 _aRU
105 _a|||||||||||||
200 1 _aЯ - душа
_eСтихи
_fГалина Юдина
210 _aКрасноармейск
_cБ.и.
_d1996
215 _a66 с.
_cпортр.
_d21
300 _aНа обороте тит. л. авт.: Юдина (Постникова) Галина Александровна
686 _aШ6(2=Р)75-5
700 1 _4070
_aЮдина
_bГ. А.
_cлитератор
_gГалина Александровна
_3RU\NLR\AUTH\770134335
_9134301
801 0 _aRU
_bNLR
_c19990415
_gPSBO
801 1 _aRU
_bNLR
_c19990415
852 _aNLR
_j99-6/368
942 _cBOOK
980 _aNB